000 01322nam a2200145Ia 4500
008 220216s9999 xx 000 0 und d
100 _aGeorge K T
245 0 _aEconomics of rubber wood production in India: A cost-benefit analysis on the constraints and potential
260 _bIn: Proceedings of the Global Forum on Investment Opportunities in the Indian Rubberwood Industry, 19-21 March 1996, Cochin, India, 1996, pp.135-141.
_c1996
520 _aIn this paper, an attempt is being made to evaluate the benefits of NR and timber production under varying conditions within the specific context of India. The main objectives are to analyse the comparative profitability of : a). different combinations of yield in NR and timber; b). different life cycles of rubber plantations, and c). harvesting timber without tapping. Profitability of timber yield under two major situations, ie., 25 year life cycle with varying degrees of timber yield assuming 20;decline in NR yield and 20 year life cycle with the above conditions are considered. The results of the analysis are indicative of the built in constraints in popularising planting materials with relatively higher timber potential and lower NR yield in the Indian context.
650 _aIndia
650 _aRubberwood production
700 _aJoseph T
942 _cBO
999 _c48020
_d48020